Learning Resource and Development

Data analytics for social microblogging platforms / (Record no. 30379)

MARC details
000 -LEADER
fixed length control field 02474cam a2200445 i 4500
001 - CONTROL NUMBER
control field 23259189
003 - CONTROL NUMBER IDENTIFIER
control field CSPC
005 - DATE AND TIME OF LATEST TRANSACTION
control field 20250908111700.0
008 - FIXED-LENGTH DATA ELEMENTS--GENERAL INFORMATION
fixed length control field 230803s2022 ne 000 0 eng d
010 ## - LIBRARY OF CONGRESS CONTROL NUMBER
LC control number 2023278223
015 ## - NATIONAL BIBLIOGRAPHY NUMBER
National bibliography number GBC2C9732
Source bnb
016 7# - NATIONAL BIBLIOGRAPHIC AGENCY CONTROL NUMBER
Record control number 020688694
Source Uk
020 ## - INTERNATIONAL STANDARD BOOK NUMBER
International Standard Book Number 9780323917858
Qualifying information (pbk.) :
035 ## - SYSTEM CONTROL NUMBER
System control number 23259189
035 ## - SYSTEM CONTROL NUMBER
System control number (OCoLC)1338670753
040 ## - CATALOGING SOURCE
Original cataloging agency UKMGB
Language of cataloging eng
Description conventions rda
Transcribing agency UKMGB
Modifying agency MNU
-- BDX
-- DLC
-- CSPC
042 ## - AUTHENTICATION CODE
Authentication code lccopycat
050 00 - LIBRARY OF CONGRESS CALL NUMBER
Classification number HM742
Item number .D876 2023
082 04 - DEWEY DECIMAL CLASSIFICATION NUMBER
Classification number 006.752
Item number D954d
Edition number 23
100 1# - MAIN ENTRY--PERSONAL NAME
Personal name Dutta, Soumi,
Dates associated with a name 1986-
Relator term author.
245 10 - TITLE STATEMENT
Title Data analytics for social microblogging platforms /
Statement of responsibility, etc. Soumi Dutta, [and 3 others].
264 #1 - PRODUCTION, PUBLICATION, DISTRIBUTION, MANUFACTURE, AND COPYRIGHT NOTICE
Place of production, publication, distribution, manufacture London, United Kingdom ;
-- San Diego, California :
Name of producer, publisher, distributor, manufacturer Academic Press, an imprint of Elsevier,
Date of production, publication, distribution, manufacture, or copyright notice 2023.
300 ## - PHYSICAL DESCRIPTION
Extent xxiii, 303 pages ;
Dimensions 23 cm.
336 ## - CONTENT TYPE
Content type term text
Source rdacontent
337 ## - MEDIA TYPE
Media type term unmediated
Source rdamedia
338 ## - CARRIER TYPE
Carrier type term volume
Source rdacarrier
490 0# - SERIES STATEMENT
Series statement Hybrid computational intelligence for pattern analysis and understanding series
504 ## - BIBLIOGRAPHY, ETC. NOTE
Bibliography, etc. note Includes bibliographical references and index.
505 0# - FORMATTED CONTENTS NOTE
Formatted contents note Part 1. Introduction of intelligent information filtering and organization systems for social microblogging sites -- Introduction to microblogging sites -- Literature review on data analytics for social microblogging platforms -- Data collection using twitter API -- Part 2. Microblogging dataset applications and implications -- Attribute selection to improve spam classification -- Ensemble summarization algorithms for microblog summarization -- Graph-based clustering technique for microblog clustering -- Genetic algorithm-based microblog clustering technique -- Part 3. Attribute selection to improve spam classification -- Feature selection-based microblog clustering technique -- Dimensionality reduction techniques in microblog clustering models -- Conclusion and future directions.
650 #0 - SUBJECT ADDED ENTRY--TOPICAL TERM
Topical term or geographic name entry element Microblogs
General subdivision Data processing.
700 1# - ADDED ENTRY--PERSONAL NAME
Personal name Das, Asit Kumar
Titles and other words associated with a name (Computer scientist),
Relator term author.
700 1# - ADDED ENTRY--PERSONAL NAME
Personal name Ghosh, Saptarshi,
Relator term author.
700 1# - ADDED ENTRY--PERSONAL NAME
Personal name Samanta, Debabrata,
Dates associated with a name 1987-
Relator term author.
776 08 - ADDITIONAL PHYSICAL FORM ENTRY
Relationship information ebook version :
International Standard Book Number 9780323972307
906 ## - LOCAL DATA ELEMENT F, LDF (RLIN)
a 7
b cbc
c copycat
d 2
e ncip
f 20
g y-gencatlg
942 ## - ADDED ENTRY ELEMENTS (KOHA)
Source of classification or shelving scheme Dewey Decimal Classification
Koha item type Books
Edition 23
Classification part 006.752
Item part D954d
Call number prefix GRD
Call number suffix 2023
Suppress in OPAC No
Holdings
Withdrawn status Lost status Source of classification or shelving scheme Damaged status Not for loan Home library Current library Shelving location Date acquired Total Checkouts Full call number Barcode Date last seen Copy number Price effective from Koha item type
    Dewey Decimal Classification     Main Library Main Library Graduate School Library 09/05/2025   GRD 006.752 D954d 2023 030146 09/05/2025 1-2 09/05/2025 Books
    Dewey Decimal Classification     Main Library Main Library Graduate School Library 09/05/2025   GRD 006.752 D954d 2023 030147 09/05/2025 2-2 09/05/2025 Books